Arrêts de la Ligne 3 (Lyon) - Statistiques

Statistiques générales
  • Ce quiz a été pris 10 fois
  • Le résultat moyen est 15 sur 38
Statistiques - réponses
Correspondance(s) Arrêt % Correct
Métro D, C21, C24, C24E et Bus 14, 19, 45, 65, 66, 72, 73, 73E, 86, 90, 98, 98E, 2Ex et 142 Gorge de Loup
100%
Bus 19, 55 et S15 Écully Centre
78%
C21 et Bus 14, 19, 45, 72, 86, 90 et 98 La Vallonnière
78%
Bus 89D Dardilly Le Jubin
67%
Bus 21 et 61 Limonest Le Puy d'Or
67%
Aucune Dardilly Les Mouilles
56%
Bus 4 Écully Grandes Ecoles
56%
Bus 55 et S15 Écully Le Trouillat
56%
Bus 5 et 19 Marietton - S. Apollinaire
56%
Bus 19 et 66 Piscine de Vaise
56%
Bus 5 et 19 Pont d'Écully
56%
Bus 61, 89, 89D, 115, 118 Porte de Lyon
56%
Bus 5 et 19 Agronomie
44%
Aucune Dardilly Le Bas
44%
Aucune Dardilly Le Haut
44%
Bus 19 La Trappe
44%
Bus 5 et 19 La Vernique
44%
Bus 55 Résidence
44%
Bus 19 et 66 Apollinaire - Bourbonnais
33%
Aucune Bois de Serres
33%
Bus 4 et 55 Campus Lyon Ouest
33%
Bus 55 Charrière Blanche
33%
Bus Gr4 Dardilly Le Paillet
33%
Aucune Dardilly Saint-Joseph
33%
Bus 89, 89D et Gr4 Gargantua
33%
Bus 4 Pontet Crases
33%
Aucune Bois de Dardilly
22%
Bus 89 et 89D Camping International
22%
Aucune Le Grégoire
22%
Aucune Le Rafour
22%
Bus Gr4 Les Marsaults
22%
Bus 89, 89D et Gr4 Les Saules
22%
Bus 21 et 61 Les Villas
22%
Bus 61 Centre Com. Porte de Lyon
11%
Aucune Cogny
11%
Bus Gr4 Le Bouquis
11%
Aucune Pierre Blanche
11%
Aucune Les Noyeraies
0%
Aucun quiz correspondant
Distribution des résultats
% des personnes avec chaque résultat
Percentile par nombre de réponses
Votre historique - résultats
Vous n’avez pas pris ce quiz